Wiley´s Remediation Technologies Handbook : Major Contaminant Chemicals and Chemical Groups /

Guardado en:
Detalles Bibliográficos
Autor principal: Lehr, Jay H. (Autor)
Formato: Libro
Lenguaje:inglés
Publicado: Hoboken Wiley 2004
Materias:
Etiquetas: Agregar Etiqueta
Sin Etiquetas, Sea el primero en etiquetar este registro!

MARC

LEADER 00000nam a22000003a 4500
001 0087876
003 SK-STU
005 20210415111205.6
007 ta
008 210415s ----xo-----e------000-0-----d
020 |a 0-471-45599-7 
040 |a STU  |b slo 
041 0 |a eng 
044 |a xxu 
100 1 |a Lehr, Jay H.  |4 aut 
245 1 0 |a Wiley´s Remediation Technologies Handbook :  |b Major Contaminant Chemicals and Chemical Groups /  |c aut. Jay H Lehr 
260 |a Hoboken  |b Wiley  |c 2004 
300 |a 1270 s.  |e 1 CD-ROM 
650 0 7 |a remediačné technológie 
996 |b 284M088730  |c M* 14464-1  |l MMST  |s A  |a 24  |w 0087876_0001